O nevěře trochu jinak /

Hlavní autor: Myslikovjanová, Ida
Jazyk: Čeština
Vydáno: Olomouc : ANAG, c2011
Témata:
Fyzický popis: 203 s. ; 17 cm
Knihy
Uloženo v:
LEADER 01077nam a2200337 a 4500
001 nkc20112256516
003 CZ PrNK
005 20120112150214.0
007 ta
008 111221s2011 xr e f 000 0 cze
015 |a cnb002256516 
020 |a 978-80-7263-705-8  |q (brož.) 
035 |a (OCoLC)776507972 
040 |a ABA001  |b cze 
072 7 |a 316.4/.7  |x Sociální interakce. Sociální komunikace  |2 Konspekt  |9 18 
080 |a 316.472.42  |2 MRF 
080 |a (0.062)  |2 MRF 
100 1 |a Myslikovjanová, Ida  |7 mzk2002160886  |4 aut 
245 1 0 |a O nevěře trochu jinak /  |c Ida Myslikovjanová 
260 |a Olomouc :  |b ANAG,  |c c2011 
300 |a 203 s. ;  |c 17 cm 
504 |a Obsahuje bibliografii 
650 0 7 |a nevěra  |7 ph210135  |2 czenas 
650 0 9 |a adultery  |2 eczenas 
655 7 |a populárně-naučné publikace  |7 fd131864  |2 czenas 
655 9 |a popular works  |2 eczenas 
910 2 |a BOA001  |b 1-1277.353 
990 |a BK 
995 |a 01 
991 |b 201112  |c NOV  |e n 
996 6 |b 2610494956  |c 1-1277.353  |l MZK  |r Sklad / do 1 hodiny  |n 6  |p p.v.  |w 001220543  |u 000010  |a 1  |e BOA001  |j MZK50  |s P